00691nam a2200229Ia 4500003000900000008004100009040001300050040001300063041000800076100001700084245007500101250000900176260000800185260000900193300001100202300001000213490001100223490000800234942000700242999001700249952019500266IT-RoPAU120407s9999 xx 000 0 und d aIT-RoPAU cIT-RoPAU aita aPaulo Freire aTeoria e pratica della liberazione. Testi scelti a cura dell’INODEP. aRoma aAve c1974 a172 p. c18 cm aMinima v184 cBK c27069d27069 00102ddc406304_13000000000000071aPAULUSbPAULUSd2012-04-11l0o304.13r2012-04-11 00:00:00w2012-04-11yBKzInserito da: Jole In data: 30 luglio 2011 fondo: Via A.Severo 56 Progr:34884